| 000 | 00000nam##2200000za#4500 |
| 001 | 9.573276 |
| 003 | CaOODSP |
| 005 | 20210624183627 |
| 007 | cr ||||||||||| |
| 008 | 150406|2005||||xxc|||||o f|0| 0 eng|d |
| 040 | |aCaOODSP|beng |
| 043 | |an-cn--- |
| 086 | 1 |aBT31-4/78-2005E-PDF |
| 110 | 1 |aCanada. |bTreasury Board. |
| 245 | 10|aWestern Economic Diversification Canada, 2004-2005 departmental performance report |h[electronic resource] |
| 260 | |aOttawa - Ontario : |bTreasury Board of Canada Secretariat |c[2005]. |
| 300 | |a76p.|bfig., graphs, organization chart, tables |
| 490 | 1 |aPerformance report for the period ending March 31, 2005 |
| 590 | |a12-07-Supp|b2012-03-09 |
| 775 | 08|tDiversification de l'économie de l'Ouest Canada - rapport ministériel sur le rendement, 2004-2005 |w(CaOODSP)9.603485 |
| 776 | 0#|tWestern Economic Diversification Canada |w(CaOODSP)9.541914 |
| 776 | 0#|tDiversification de l'économie de l'Ouest Canada |w(CaOODSP)9.541915 |
| 830 | #0|aPerformance report for the period ending March 31, 2005.|w(CaOODSP)9.506266 |
| 856 | 40|ahttp://publications.gc.ca|qPDF|s1.06 MB|uhttps://publications.gc.ca/collections/collection_2012/sct-tbs/BT31-4-78-2005-eng.pdf |